000 01054nac a22003131i 4500
003 EG-ScBUE
005 20260318094956.0
008 260310t2006 ua a f bd 001 0 eng d
020 _a9774249798
020 _a9789774249792
040 _aEG-ScBUE
_beng
_erda
_cEG-ScBUE
_dEG-ScBUE
043 _af-ua
082 0 4 _a597.90962
_bBAH
_222
100 1 _aBaha el Din, Sherif,
_eauthor.
245 1 2 _aA guide to the reptiles and amphibians of Egypt /
_cSherif Baha el Din.
246 3 0 _aThe reptiles and amphibians of Egypt
264 1 _aCairo :
_bAmerican University in Cairo Press,
_c[2006]
264 4 _cc2006
300 _a1 volume (various pagings) :
_billustrations ;
_c21 cm
336 _2rdacontent
_atext
_btxt
337 _aunmediated
_2rdamedia
_bn
338 _avolume
_bnc
_2rdacarrier
500 _aIncludes glossary.
504 _aIncludes bibliographical references and index.
650 7 _aReptiles
_xIdentification
_zEgypt.
_2BUEsh
650 7 _aAmphibians
_xIdentification
_zEgypt.
_2BUEsh
655 _vReading book
942 _cBB
_2ddc
999 _c2575
_d2575